| 000 | 00786nam a2200205Ia 4500 | ||
|---|---|---|---|
| 005 | 20240530110118.0 | ||
| 008 | 140319s1949 xx 000 0 ara d | ||
| 040 |
_aGCL / _cGCL |
||
| 082 | 0 | 4 |
_a414 / _bخ ى |
| 100 | 1 | _aالخطيب القزوينى | |
| 245 | 1 | 0 |
_aالايضاح فى علوم البلاغة / _cتاليف الخطيب القزوينى ؛ تحقيق محمد عبدالمنعم خفاجى |
| 250 | _aالاولى | ||
| 260 |
_aالقاهرة : _bمكتبة الحسين التجارية ، _c1949 |
||
| 300 |
_aمتعدد ؛ _c24 سم |
||
| 650 | 0 | 4 | _aاللغة العربية |
| 650 | 0 | 4 | _aالبلاغة العربية |
| 700 | 1 |
_aمحمد عبدالمنعم خفاجى _eمحقق |
|
| 942 |
_2ddc _cBK |
||
| 999 |
_c58660 _d58660 |
||